Lists in Product Advertisement - Statistics

General Stats
  • This quiz has been taken 126 times
  • The average score is 9 of 22
Answer Stats
Answer % Correct
Sesame Seed Bun
89%
Lettuce
83%
Cheese
79%
Pickles
76%
Onion
75%
Special Sauce
73%
Two All Beef Patties
68%
Nighttime
49%
Sneezing
44%
Coughing
39%
Diarrhea
32%
Sniffling
32%
Upset Stomach
30%
Indigestion
27%
Fever
26%
Heartburn
26%
Stuffy-Head
22%
Nausea
21%
Flaky
18%
Crispy
11%
Tender
4%
Crusty
2%
No matching quizzes found
Score Distribution
Percent of People with Each Score
Percentile by Number Answered
Your Score History
You have not taken this quiz